|
|
|
|
| LEADER |
01066nam a2200265 a 4500 |
| 001 |
GR-Patra18658 |
| 008 |
050901s1997 gr e b 000 0 eng d |
| 020 |
|
|
|a 156593749X
|
| 040 |
|
|
|a GrPaTEI
|b gre
|c GR-PaULI
|
| 040 |
|
|
|a GrPaTEI
|b gre
|c GR-PaULI
|
| 082 |
|
0 |
|a 616.31
|2 21
|
| 100 |
1 |
|
|a Leonard, Rebecca
|
| 245 |
1 |
0 |
|a Dysphagia assessment and treatment planning :
|b a team approach /
|c Rebecca Leonard, Katherine Kendall.
|
| 260 |
|
|
|a San Diego :
|b Singular Publishing Group,
|c c1997
|
| 300 |
|
|
|a 308σ.
|a 1 cd-rom
|
| 490 |
1 |
|
|a Dysphagia series / John C. Rosenbek
|
| 504 |
|
|
|a Περιλαμβάνει βιλιογραφία.
|
| 650 |
|
0 |
|a Deglutition disorders
|
| 700 |
1 |
|
|a Kendall, Katherine
|
| 710 |
0 |
|
|a Singular Publishing Group
|
| 830 |
|
0 |
|1 00118616
|1 2001
|a Dysphagia series
|
| 942 |
|
|
|2 ddc
|
| 952 |
|
|
|0 0
|1 0
|2 ddc
|4 0
|6 616_310000000000000_LEO
|7 0
|9 298740
|a LISK
|b LISK
|c ALF
|d 2021-01-17
|e 24
|f 0
|g 0.00
|l 0
|o 616.31 LEO
|p 92410027484
|r 2021-01-17 00:00:00
|t 1
|w 2021-01-17
|y BK15
|x 20050901 0 1
|x GrPaTEI
|
| 971 |
|
|
|a .b26661731
|b 15-04-20
|c 23-09-16
|
| 999 |
|
|
|c 173819
|d 173819
|